00640nam a2200205Ia 450000500170000000800410001702000150005808200130007324500990008625000090018526000340019430000190022865000140024765000120026170000220027370000210029594200060031695200970032299900150041920240611064524.0240331s9999 xx 000 0 und d a0761993932 bCONa954 0aConflict and community in contemporary Sri Lanka :bpearl of the eastor "the Island of tears"? a1 st aDelhibSAGE Publicationc1999 aviii, 355 p ., aPolitical aEconomy aGamage, Sirieedt aWatson, I.Beedt cL 001040708LaWERCLbWERCLcSSCd2024-03-31l0o 954.3 CONp4220r2024-03-31w2024-03-31yL c3509d3509